000 00769nam a22001577a 4500
003 OSt
005 20150921170015.0
008 150921b xxu||||| |||| 00| 0 eng d
040 _cRUA
082 _aAGR PHY 2009 B039 Or.1
100 _91049
_aPHY CHHIN
245 _aOptions for improving household food security and income generation in sna ansar commune, krakor district, prusat province ជំរើសនានាសម្រាប់កែលំអសន្តិសុខស្បៀង និងប្រាក់ចំនួល គ្រួសារនៅឃុំស្នាអន្សារ ស្រុកក្រគរ ខេត្តពោធិ៍សាត់
260 _aPhnom penh
_bRUA
_c2009
300 _axi, 61p.
_bill.
_c29cm.
942 _2ddc
_cAGR
999 _c1008
_d1008